Elementary lie group analysis and ordinary differential equations / (Record no. 28815)
[ view plain ]
| 000 -LEADER | |
|---|---|
| fixed length control field | 00430 a2200157 4500 |
| 003 - CONTROL NUMBER IDENTIFIER | |
| control field | NUST |
| 005 - DATE AND TIME OF LATEST TRANSACTION | |
| control field | 20180117115321.0 |
| 008 - FIXED-LENGTH DATA ELEMENTS--GENERAL INFORMATION | |
| fixed length control field | 180117b xxu||||| |||| 00| 0 eng d |
| 020 ## - INTERNATIONAL STANDARD BOOK NUMBER | |
| International Standard Book Number | 0471974307 |
| 020 ## - INTERNATIONAL STANDARD BOOK NUMBER | |
| International Standard Book Number | 9780471974307 |
| 040 ## - CATALOGING SOURCE | |
| Transcribing agency | NUST |
| 082 04 - DEWEY DECIMAL CLASSIFICATION NUMBER | |
| Classification number | 515.352 |
| 100 1# - MAIN ENTRY--PERSONAL NAME | |
| Personal name | Ibragimov, N. H. |
| 9 (RLIN) | 8541 |
| 245 10 - TITLE STATEMENT | |
| Title | Elementary lie group analysis and ordinary differential equations / |
| Statement of responsibility, etc. | N. H. Ibragimov. |
| 250 ## - EDITION STATEMENT | |
| Edition statement | 1st ed. |
| 260 ## - PUBLICATION, DISTRIBUTION, ETC. | |
| Place of publication, distribution, etc. | [S.l.] : |
| Name of publisher, distributor, etc. | Wiley, |
| Date of publication, distribution, etc. | 1999. |
| 300 ## - PHYSICAL DESCRIPTION | |
| Extent | 366 p. ; |
| Dimensions | 24 cm. |
| 942 ## - ADDED ENTRY ELEMENTS (KOHA) | |
| Institution code [OBSOLETE] | SNS |
| Koha item type | Book |
| Call number prefix | 515.352 IBR |
| Source of classification or shelving scheme | |
| Withdrawn status | Lost status | Damaged status | Not for loan | Permanent Location | Current Location | Date acquired | Total Checkouts | Full call number | Barcode | Date last seen | Price effective from | Koha item type |
|---|---|---|---|---|---|---|---|---|---|---|---|---|
| School of Natural Sciences (SNS) | School of Natural Sciences (SNS) | 05/26/2016 | 515.352 IBR | SNS0000072 | 05/26/2016 | 05/26/2016 | Book | |||||
| School of Natural Sciences (SNS) | School of Natural Sciences (SNS) | 05/26/2016 | 515.352 IBR | SNS0000073 | 05/26/2016 | 05/26/2016 | Book |
